<?xml version='1.0' encoding='UTF-8'?>
  <record xmlns="http://www.loc.gov/MARC21/slim">
    <leader>00000cam a22000007i 4500</leader>
    <controlfield tag="001">ocm65373049</controlfield>
    <controlfield tag="003">OCoLC</controlfield>
    <controlfield tag="005">20250831211207.7</controlfield>
    <controlfield tag="008">900520s1750    ne            000 0 dut d</controlfield>
    <datafield tag="040" ind1=" " ind2=" ">
      <subfield code="a">NLGGC</subfield>
      <subfield code="b">dut</subfield>
      <subfield code="e">fobidrtb</subfield>
      <subfield code="c">NLGGC</subfield>
    </datafield>
    <datafield tag="029" ind1="0" ind2=" ">
      <subfield code="a">NLGGC</subfield>
      <subfield code="b">061906735</subfield>
    </datafield>
    <datafield tag="035" ind1=" " ind2=" ">
      <subfield code="a">(OCoLC)65373049</subfield>
    </datafield>
    <datafield tag="245" ind1="0" ind2="0">
      <subfield code="a">Apollo's vasten-avond-gift, voorzien met de nieuwste en aangenaamste minne- harders- en bruylofsgezangen :</subfield>
      <subfield code="b">zynde een ieder van dezelve, met veel moeiten, op verscheide muziek- en zangwyzen gestelt.</subfield>
    </datafield>
    <datafield tag="260" ind1=" " ind2=" ">
      <subfield code="a">Te Dordrecht :</subfield>
      <subfield code="b">by Hendrik Walpot,</subfield>
      <subfield code="c">1750.</subfield>
    </datafield>
    <datafield tag="300" ind1=" " ind2=" ">
      <subfield code="a">124, IV p. ;</subfield>
      <subfield code="c">17 cm (8-o)</subfield>
    </datafield>
    <datafield tag="336" ind1=" " ind2=" ">
      <subfield code="a">tekst</subfield>
      <subfield code="b">txt</subfield>
      <subfield code="2">rdacontent/dut</subfield>
    </datafield>
    <datafield tag="337" ind1=" " ind2=" ">
      <subfield code="a">zonder medium</subfield>
      <subfield code="b">n</subfield>
      <subfield code="2">rdamedia/dut</subfield>
    </datafield>
    <datafield tag="338" ind1=" " ind2=" ">
      <subfield code="a">band</subfield>
      <subfield code="b">nc</subfield>
      <subfield code="2">rdacarrier/dut</subfield>
    </datafield>
    <datafield tag="776" ind1="0" ind2=" ">
      <subfield code="t">Apollo's vasten-avond-gift, voorzien met de nieuwste en aangenaamste minne- harders- en bruylofsgezangen</subfield>
      <subfield code="w">(NL-LeOCL)425975614</subfield>
    </datafield>
    <datafield tag="856" ind1="4" ind2="2">
      <subfield code="y">Digitale kopie: Univ. Utrecht</subfield>
      <subfield code="q">tif</subfield>
      <subfield code="u">http://digbijzcoll.library.uu.nl/lees_gfx.php?lang=nl&amp;W=On&amp;BoekID=15631</subfield>
    </datafield>
    <datafield tag="936" ind1=" " ind2=" ">
      <subfield code="a">BATCHLOAD</subfield>
    </datafield>
  </record>